[Event "Vojvodina-chT"]
[Site "Pancevo"]
[Date "2005.10.08"]
[Round "8"]
[White "Visnjic, Dusan"]
[Black "Vajdic, Nikola"]
[Result "0-1"]
[WhiteElo "2168"]
[BlackElo "2257"]
[PlyCount "124"]
[EventDate "2005.10.03"]
[EventType "team"]
[EventRounds "9"]
[EventCountry "YUG"]
[SourceTitle "CBM 108 Extra"]
[Source "ChessBase"]
[SourceDate "2005.11.04"]
[SourceVersion "1"]
[SourceVersionDate "2005.11.04"]
[SourceQuality "1"]

1. d4 Nf6 2. Bg5 Ne4 3. Bc1 d5 4. e3 e6 5. Bd3 f5 6. c4 c6 7. Nc3 Bd6 8. h4 0-0 9. Nf3 Nd7 10. Bxe4 fxe4 11. Ng5 Qf6 12. f4 exf3 13. Nxf3 Bg3+ 14. Ke2 Qf5 15. Qd3 Qg4 16. Kd2 Nf6 17. Qe2 Bd7 18. Kc2 Ne4 19. Bd2 dxc4 20. Qxc4 b5 21. Qe2 Nf2 22. Rhf1 b4 23. Na4 Qe4+ 24. Kb3 Ng4 25. Nc5 Qd5+ 26. Qc4 Bc8 27. e4 Qxc4+ 28. Kxc4 e5 29. Bxb4 Ne3+ 30. Kd3 Nxf1 31. Rxf1 exd4 32. Kxd4 Bg4 33. Ke3 Bxh4 34. Nb7 Rfb8 35. Nxh4 Rxb7 36. Bc3 Be6 37. a3 Rd8 38. Nf3 c5 39. Ne5 Rd6 40. Rf3 Rb8 41. Rg3 g6 42. Nd3 Rc6 43. Ne5 Rcb6 44. Nd3 Rc8 45. Rg5 Rbc6 46. Re5 Bc4 47. Nf4 Kf7 48. Nh3 h6 49. Nf4 Re8 50. Rxe8 Kxe8 51. e5 Kf7 52. Ke4 Rc8 53. b4 cxb4 54. axb4 Be6 55. Kd3 Bc4+ 56. Ke3 Bf1 57. g4 g5 58. Nh5 Be2 59. e6+ Kxe6 60. Ng7+ Kf7 61. Bd4 Bxg4 62. Ke4 Rc4 0-1